[Event "Ruhrgebiet Bezirksliga 17/18"]
[Site "Ruhrgebiet"]
[Date "2017.12.17"]
[Round "5.6"]
[White "Brunberg, Ingo"]
[Black "Weigang, Peter"]
[Result "1-0"]
[WhiteElo "1788"]
[BlackElo "1662"]
[PlyCount "61"]
[EventDate "2017.09.03"]
[EventType "team-tourn"]
[EventRounds "9"]
[EventCountry "GER"]
[SourceTitle "EXT 2022"]
[Source "ChessBase"]
[SourceDate "2021.10.06"]
[SourceVersion "1"]
[SourceVersionDate "2021.10.06"]
[SourceQuality "1"]
[WhiteTeam "Werl Wickede SG"]
[BlackTeam "Hamm Koenigsspringer II"]
[WhiteTeamCountry "GER"]
[BlackTeamCountry "GER"]

1. e4 c6 2. d3 d5 3. Nd2 e5 4. Ngf3 Bd6 5. g3 Nf6 6. Bg2 dxe4 7. Nxe4 Nxe4 8. dxe4 0-0 9. 0-0 Bg4 10. Qd3 Qc7 11. Be3 Rd8 12. Rfd1 Na6 13. Qc3 f6 14. a3 Qe7 15. b4 Nc7 16. Rd3 Ne6 17. h3 Bh5 18. Nh4 Bg6 19. Nxg6 hxg6 20. Rad1 a6 21. h4 Bc7 22. Bh3 Rxd3 23. Rxd3 Nf8 24. Bc5 Qf7 25. Bxf8 Qxf8 26. Rd7 Rc8 27. Qc4+ Kh7 28. Rf7 Qd8 29. Bxc8 Qxc8 30. Qc5 Bd8 31. Qf8 1-0

[Event "Ruhrgebiet Bezirksliga 17/18"]
[Site "Ruhrgebiet"]
[Date "2017.09.17"]
[Round "2.6"]
[White "Junker, Timo"]
[Black "Weigang, Peter"]
[Result "1/2-1/2"]
[WhiteElo "1792"]
[BlackElo "1661"]
[PlyCount "44"]
[EventDate "2017.09.03"]
[EventType "team-tourn"]
[EventRounds "9"]
[EventCountry "GER"]
[SourceTitle "EXT 2022"]
[Source "ChessBase"]
[SourceDate "2021.10.06"]
[SourceVersion "1"]
[SourceVersionDate "2021.10.06"]
[SourceQuality "1"]
[WhiteTeam "Ahlen SV II"]
[BlackTeam "Hamm Koenigsspringer II"]
[WhiteTeamCountry "GER"]
[BlackTeamCountry "GER"]

1. e4 c6 2. d4 d5 3. Nc3 dxe4 4. Nxe4 Bf5 5. Ng3 Bg6 6. Nf3 h6 7. Ne5 Bh7 8. Qh5 g6 9. Qf3 Nf6 10. Bc4 e6 11. Ne4 Nbd7 12. Bd2 g5 13. Nxd7 Nxd7 14. a4 Bxe4 15. Qxe4 Nf6 16. Qd3 Bd6 17. h4 g4 18. 0-0-0 Qe7 19. d5 Nxd5 20. Rhe1 0-0-0 21. Bxd5 cxd5 22. Qd4 Bb8 1/2-1/2

[Event "Ruhrgebiet Bezirksliga 17/18"]
[Site "Ruhrgebiet"]
[Date "2017.09.03"]
[Round "1.5"]
[White "Romstadt, Dirk"]
[Black "Weigang, Peter"]
[Result "1-0"]
[WhiteElo "1676"]
[BlackElo "1661"]
[PlyCount "81"]
[EventDate "2017.09.03"]
[EventType "team-tourn"]
[EventRounds "9"]
[EventCountry "GER"]
[SourceTitle "EXT 2022"]
[Source "ChessBase"]
[SourceDate "2021.10.06"]
[SourceVersion "1"]
[SourceVersionDate "2021.10.06"]
[SourceQuality "1"]
[WhiteTeam "Boenen SV II"]
[BlackTeam "Hamm Koenigsspringer II"]
[WhiteTeamCountry "GER"]
[BlackTeamCountry "GER"]

1. d4 d5 2. Nf3 Nf6 3. c4 c6 4. Nc3 e6 5. Bg5 Nbd7 6. e3 Qa5 7. Nd2 Bb4 8. Qc2 dxc4 9. Bxf6 Nxf6 10. Nxc4 Bxc3+ 11. bxc3 Qd5 12. f3 0-0 13. Bd3 c5 14. e4 Qh5 15. h4 cxd4 16. e5 Nd5 17. g4 Qh6 18. cxd4 b5 19. g5 Qh5 20. Nd2 Nb4 21. Qb3 Nxd3+ 22. Qxd3 a6 23. Kf2 Bb7 24. Rhg1 Qg6 25. Qe3 Rac8 26. h5 Qf5 27. g6 Qc2 28. gxh7+ Qxh7 29. Rg5 f6 30. exf6 Rxf6 31. Rag1 Rc7 32. Qe5 Qc2 33. Qxf6 Qxd2+ 34. Kg3 Rf7 35. Qd8+ Kh7 36. Kh3 Bxf3 37. h6 Bg4+ 38. R5xg4 Qd3+ 39. Kh4 Kxh6 40. Qh8+ Qh7 41. Rg6# 1-0

[Event "Ruhrgebiet Bezirksliga 16/17"]
[Site "Ruhrgebiet"]
[Date "2016.09.18"]
[Round "2.7"]
[White "Weigang, Peter"]
[Black "Rudlof, Juergen"]
[Result "1/2-1/2"]
[WhiteElo "1600"]
[BlackElo "1691"]
[PlyCount "60"]
[EventDate "2016.08.28"]
[EventType "team-tourn"]
[EventRounds "11"]
[EventCountry "GER"]
[SourceTitle "EXT 2022"]
[Source "ChessBase"]
[SourceDate "2021.10.06"]
[SourceVersion "1"]
[SourceVersionDate "2021.10.06"]
[SourceQuality "1"]
[WhiteTeam "Hamm Koenigsspringer II"]
[BlackTeam "Boenen SV II"]
[WhiteTeamCountry "GER"]
[BlackTeamCountry "GER"]

1. d4 Nf6 2. c4 c5 3. d5 b5 4. b3 g6 5. Bb2 Bg7 6. f3 b4 7. e4 d6 8. Bd3 a5 9. Ne2 Bd7 10. a4 0-0 11. Nd2 e6 12. dxe6 fxe6 13. Rb1 e5 14. 0-0 Nh5 15. Re1 Qg5 16. Nf1 Nc6 17. Bc1 Qe7 18. Nfg3 Nxg3 19. hxg3 Bf6 20. Kf2 Rf7 21. Be3 Raf8 22. Rh1 Bg5 23. Bxg5 Qxg5 24. Qc1 Qxc1 25. Rhxc1 Bg4 26. Ng1 Nd4 27. Be2 Bd7 28. Ke3 g5 29. g4 Kg7 30. Rf1 Rh8 1/2-1/2